[Event "25th European Teams Women"]
[Site "Batumi GEO"]
[Date "2025.10.12"]
[Round "7.14"]
[Board "3"]
[White "Vanduyfhuys, Daria"]
[Black "Avelino, Camila Biscaya"]
[Result "1-0"]
[WhiteTitle "WFM"]
[BlackTitle "WFM"]
[WhiteElo "2094"]
[BlackElo "1942"]
[WhiteTeam "Belgium"]
[BlackTeam "Portugal"]
[WhiteFideId "246336"]
[BlackFideId "1938975"]
[EventDate "2025.10.05"]

1. d4 Nf6 2. c4 g6 3. Nc3 Bg7 4. e4 d6 5. h3 O-O 6. Be3 c6 7. g4 Qa5 8. Qd2 b5
9. cxb5 cxb5 10. Nxb5 Qxd2+ 11. Bxd2 Nxe4 12. Nc7 Bxd4 13. Bh6 Rd8 14. f3 Bxb2
15. fxe4 Bxa1 16. Nxa8 Bb7 17. Nc7 Bxe4 18. Rh2 Rc8 19. Na6 Be5 20. Re2 f5 21.
Nxb8 Rxb8 22. Kf2 Rb1 23. Rd2 fxg4 24. hxg4 Bf6 25. Bc4+ d5 26. Bxd5+ Bxd5 27.
Rxd5 Rb2+ 28. Rd2 Rb4 29. Kf3 g5 30. Nh3 Rb5 31. Nf2 Kf7 32. Ne4 Kg6 33. Nxf6
Kxf6 34. Rc2 Ra5 35. Ke4 Ra4+ 36. Kf3 Ra3+ 37. Kg2 Ra5 38. Rf2+ Kg6 39. Bf8 Re5
40. Rc2 Kf7 41. Bh6 Re6 42. Bxg5 Rg6 43. Rc5 h6 44. Bf4 Rxg4+ 45. Kf3 Rg6 46.
Ra5 a6 47. Rc5 Ke8 48. a4 Kd7 49. Rc7+ Kd8 50. Ra7 h5 51. a5 h4 52. Bc7+ Kc8 53.
Bb6 h3 54. Ra8+ Kb7 55. Rh8 Rc6 56. Rxh3 Rc3+ 57. Be3 Rb3 58. Rh6 Rb5 59. Rb6+
Rxb6 60. axb6 a5 61. Ke4 1-0

[Event "25th European Teams Women"]
[Site "Batumi GEO"]
[Date "2025.10.12"]
[Round "7.14"]
[Board "4"]
[White "Valente, Sofia"]
[Black "Goossens, Hanne"]
[Result "0-1"]
[WhiteTitle "WCM"]
[BlackTitle "WIM"]
[WhiteElo "1927"]
[BlackElo "2091"]
[WhiteTeam "Portugal"]
[BlackTeam "Belgium"]
[WhiteFideId "1953494"]
[BlackFideId "200468"]
[EventDate "2025.10.05"]

1. d4 d5 2. c4 c6 3. Nc3 Nf6 4. Nf3 dxc4 5. a4 Bf5 6. e3 e6 7. Bxc4 Bb4 8. O-O
O-O 9. Qe2 Bg6 10. Ne5 Nbd7 11. Nxg6 hxg6 12. e4 Nb6 13. e5 Qxd4 14. exf6 Qxc4
15. fxg7 Kxg7 16. Qe5+ f6 17. Qc7+ Rf7 18. Bh6+ Kg8 19. Qg3 Kh7 20. Qh3 Bxc3 21.
bxc3 Re8 22. Rab1 Nd5 23. Rfe1 Qxc3 24. f3 Qc2 25. Rbc1 Qf5 26. g4 Qd3 27. Re4
Kg8 28. Rce1 e5 29. g5 f5 30. Rh4 Qd2 31. Rf1 Nf4 32. Rxf4 exf4 0-1

[Event "25th European Teams Women"]
[Site "Batumi GEO"]
[Date "2025.10.12"]
[Round "7.15"]
[Board "1"]
[White "Zaksaite, Salomeja"]
[Black "Zherebtsova, Alexandra"]
[Result "1/2-1/2"]
[WhiteTitle "WGM"]
[BlackTitle "FM"]
[WhiteElo "2133"]
[BlackElo "2279"]
[WhiteTeam "Lithuania"]
[BlackTeam "Montenegro"]
[WhiteFideId "12801496"]
[BlackFideId "24129518"]
[EventDate "2025.10.05"]

1. e4 e5 2. Nf3 Nc6 3. Bb5 f5 4. d3 fxe4 5. dxe4 Nf6 6. Nc3 d6 7. Qe2 Be7 8. Qc4
Bd7 9. Ng5 Rf8 10. Ne6 Bxe6 11. Qxe6 Qd7 12. Qxd7+ Kxd7 13. O-O a6 14. Bd3 Nb4
15. a3 Nxd3 16. cxd3 c6 17. f4 exf4 18. Bxf4 Rae8 19. Rf3 Bd8 20. Raf1 Bb6+ 21.
Be3 Bxe3+ 22. Rxe3 Ng8 23. Rxf8 Rxf8 24. Rf3 Nf6 25. Kf2 b5 26. Ke2 Ke7 27. Kd2
a5 28. Kc2 g6 29. h3 Rb8 30. Rf1 Nd7 1/2-1/2

[Event "25th European Teams Women"]
[Site "Batumi GEO"]
[Date "2025.10.12"]
[Round "7.15"]
[Board "2"]
[White "Skvortsova, Alena"]
[Black "Baginskaite, Kamile"]
[Result "0-1"]
[WhiteTitle "WFM"]
[BlackTitle "WGM"]
[WhiteElo "2166"]
[BlackElo "2158"]
[WhiteTeam "Montenegro"]
[BlackTeam "Lithuania"]
[WhiteFideId "24166251"]
[BlackFideId "2014599"]
[EventDate "2025.10.05"]

1. e4 c5 2. Nc3 Nc6 3. Nge2 Nd4 4. Nxd4 cxd4 5. Ne2 e5 6. c3 d5 7. cxd4 exd4 8.
Qa4+ Qd7 9. Qxd4 dxe4 10. Qxe4+ Be7 11. Qd4 Nf6 12. Qxd7+ Bxd7 13. Nc3 a6 14.
Be2 Bc6 15. O-O O-O-O 16. Bc4 Rhf8 17. a4 Rd4 18. d3 Rg4 19. f3 Bc5+ 20. Kh1 Rh4
21. Bg5 Rh5 22. Bxf6 gxf6 23. Ne4 Bd4 24. Ra2 f5 25. Ng3 Rg5 26. Ne2 Be3 27. d4
f4 28. d5 Bxd5 29. Bxd5 Rxd5 30. b4 Rfd8 31. g3 Rd1 32. Rc2+ Kb8 33. Rxd1 Rxd1+
34. Kg2 fxg3 35. Nxg3 Rd2+ 36. Rxd2 Bxd2 37. b5 axb5 38. axb5 Kc7 39. Ne4 Bf4
40. Nf6 Kd6 41. Nxh7 Kc5 42. Nf6 Kxb5 43. Nd5 Be5 44. Kf1 Kc5 45. Ne3 Bxh2 46.
Ke2 Kd4 47. Nc2+ Kc3 48. Na3 Bf4 49. Nb5+ Kb4 50. Na7 Kc4 51. Nc8 b5 52. Nb6+
Kd4 53. Kd1 Bc7 54. Nc8 Ke3 55. Kc2 Kxf3 56. Kb3 f5 57. Na7 Ke2 58. Nxb5 Be5 59.
Na3 f4 60. Nc4 f3 61. Kc2 Bf4 0-1

[Event "25th European Teams Women"]
[Site "Batumi GEO"]
[Date "2025.10.12"]
[Round "7.15"]
[Board "3"]
[White "Limontaite, Simona"]
[Black "Milovic, Aleksandra"]
[Result "0-1"]
[WhiteTitle "WIM"]
[BlackTitle "WIM"]
[WhiteElo "2151"]
[BlackElo "2050"]
[WhiteTeam "Lithuania"]
[BlackTeam "Montenegro"]
[WhiteFideId "12802506"]
[BlackFideId "933988"]
[EventDate "2025.10.05"]

1. Nf3 e6 2. d3 b6 3. Nbd2 Bb7 4. e4 g6 5. g3 Bg7 6. Bg2 Ne7 7. O-O d6 8. d4 Nd7
9. Re1 e5 10. c3 O-O 11. dxe5 Nxe5 12. Qc2 h6 13. Nxe5 dxe5 14. Rd1 Qe8 15. b4
f5 16. Bb2 Rd8 17. a4 Kh8 18. b5 Qf7 19. Ba3 Rfe8 20. a5 Nc8 21. c4 c5 22. bxc6
Bxc6 23. axb6 axb6 24. Nf1 f4 25. Nd2 g5 26. f3 h5 27. gxf4 exf4 28. Bb2 g4 29.
Kh1 Bxb2 30. Qxb2+ Qg7 31. Qxg7+ Kxg7 32. Nb3 gxf3 33. Bxf3 Nd6 34. Bxh5 Bxe4+
35. Kg1 Rg8 36. Be2 Kf6+ 37. Kf1 Bg2+ 38. Ke1 Ne4 39. Rd4 Ke5 40. Rad1 f3 41.
R1d3 f2+ 42. Kd1 f1=Q+ 43. Bxf1 Nf2+ 44. Kd2 Nxd3 45. Rxd8 Rxd8 46. Bxd3 Be4 47.
Nc1 Bxd3 48. Nxd3+ Ke4 0-1

[Event "25th European Teams Women"]
[Site "Batumi GEO"]
[Date "2025.10.12"]
[Round "7.15"]
[Board "4"]
[White "Djukic, Katarina"]
[Black "Simkunaite, Gabija"]
[Result "0-1"]
[BlackTitle "WFM"]
[WhiteElo "1844"]
[BlackElo "2009"]
[WhiteTeam "Montenegro"]
[BlackTeam "Lithuania"]
[WhiteFideId "16508874"]
[BlackFideId "12808253"]
[EventDate "2025.10.05"]

1. e4 c6 2. d4 d5 3. e5 c5 4. Nf3 cxd4 5. Nxd4 Nc6 6. Bb5 Bd7 7. e6 fxe6 8. Bxc6
bxc6 9. Qh5+ g6 10. Qe5 Nf6 11. Nxe6 Bxe6 12. Qxe6 Qd7 13. Qe2 Bg7 14. O-O O-O
15. Nc3 e5 16. b3 Rae8 17. Ba3 Rf7 18. Na4 Nh5 19. Nc5 Nf4 20. Qd1 Qe7 21. Kh1
Qg5 22. Rg1 e4 23. Rb1 d4 24. h3 h5 25. Na4 Qh4 26. Rf1 Nxh3 27. gxh3 Qxh3+ 28.
Kg1 Rf3 29. Re1 Re5 30. Bc1 Qg4+ 31. Kf1 Rxf2+ 0-1

[Event "25th European Teams Women"]
[Site "Batumi GEO"]
[Date "2025.10.12"]
[Round "7.16"]
[Board "1"]
[White "Valcu, Lavinia"]
[Black "Ptacnikova, Lenka"]
[Result "1-0"]
[BlackTitle "WGM"]
[WhiteElo "2223"]
[BlackElo "2167"]
[WhiteTeam "Sweden"]
[BlackTeam "Iceland"]
[WhiteFideId "1752197"]
[BlackFideId "305650"]
[EventDate "2025.10.05"]

1. e4 c5 2. Nf3 e6 3. d4 cxd4 4. Nxd4 Nc6 5. Nc3 Qc7 6. Be3 a6 7. g4 b5 8. Nxc6
dxc6 9. Qf3 e5 10. O-O-O Nf6 11. g5 Ng4 12. Bd2 Bc5 13. Be1 Qe7 14. h4 f6 15.
Bh3 h5 16. gxh6 Nxh6 17. Bxc8 Rxc8 18. Rg1 Qf7 19. Kb1 Rc7 20. Ne2 Rd7 21. Bd2
Ng8 22. Ng3 g6 23. h5 g5 24. Ba5 Rxd1+ 25. Rxd1 Be7 26. Nf5 Kf8 27. Bb4 Bxb4 28.
Rd8+ Qe8 29. Rxe8+ Kxe8 30. Qb3 a5 31. Qe6+ Kf8 32. c3 Bc5 33. Qxc6 Be7 34. h6
Rh7 35. Nxe7 Nxe7 36. Qxf6+ Ke8 37. Qxg5 1-0

[Event "25th European Teams Women"]
[Site "Batumi GEO"]
[Date "2025.10.12"]
[Round "7.16"]
[Board "2"]
[White "Thorsteinsdottir, Hallgerdur"]
[Black "Ostensson, Julia"]
[Result "1-0"]
[WhiteTitle "WFM"]
[WhiteElo "2031"]
[BlackElo "1994"]
[WhiteTeam "Iceland"]
[BlackTeam "Sweden"]
[WhiteFideId "2302454"]
[BlackFideId "1747703"]
[EventDate "2025.10.05"]

1. e4 c5 2. Nf3 e6 3. d4 cxd4 4. Nxd4 a6 5. c4 Nf6 6. Nc3 Qc7 7. a3 b6 8. Be3
Bb7 9. f3 Nc6 10. b4 Be7 11. Rc1 O-O 12. Be2 Ne5 13. O-O Ng6 14. g3 h5 15. Kg2
h4 16. Qd2 Nh5 17. f4 Nf6 18. Bf3 a5 19. Ndb5 Qxc4 20. Nd6 Bxd6 21. Qxd6 axb4
22. axb4 Ra3 23. Nb1 Qb5 24. Nxa3 1-0

[Event "25th European Teams Women"]
[Site "Batumi GEO"]
[Date "2025.10.12"]
[Round "7.16"]
[Board "3"]
[White "Wickstrom, Carina"]
[Black "Johannsdottir, Johanna Bjorg"]
[Result "1/2-1/2"]
[BlackTitle "WCM"]
[WhiteElo "1915"]
[BlackElo "1975"]
[WhiteTeam "Sweden"]
[BlackTeam "Iceland"]
[WhiteFideId "1743201"]
[BlackFideId "2303108"]
[EventDate "2025.10.05"]

1. Nf3 g6 2. g3 Bg7 3. d4 d6 4. Bg2 Nd7 5. O-O Ngf6 6. Nc3 c5 7. e4 cxd4 8. Nxd4
O-O 9. Nd5 Nb6 10. Re1 Re8 11. h3 Bd7 12. c3 Nfxd5 13. exd5 Qc8 14. Kh2 Qc5 15.
Bg5 e5 16. dxe6 fxe6 17. Be3 Qc7 18. Qe2 Nc4 19. Bxb7 Rab8 20. Ba6 Nxe3 21. fxe3
d5 22. Bd3 e5 23. Nb3 e4 24. Bc2 Rf8 25. Rf1 Rxf1 26. Qxf1 Rf8 27. Qg1 Be5 28.
Nd2 Kg7 29. Rf1 Rxf1 30. Nxf1 a5 31. Qf2 a4 32. Nd2 Qb6 33. b3 Bxc3 34. Nb1 Be5
35. Kg2 Qe6 36. g4 axb3 37. Bxb3 Bb5 38. Nd2 Bc7 39. Nf1 Qe5 40. Kg1 Bb6 41. Kg2
Qg5 42. Qb2+ d4 43. Qf2 Bxf1+ 44. Kxf1 1/2-1/2

[Event "25th European Teams Women"]
[Site "Batumi GEO"]
[Date "2025.10.12"]
[Round "7.16"]
[Board "4"]
[White "Briem, Gudrun Fanney"]
[Black "Andersson, Elsa"]
[Result "1-0"]
[WhiteTitle "WCM"]
[WhiteElo "1981"]
[BlackElo "1880"]
[WhiteTeam "Iceland"]
[BlackTeam "Sweden"]
[WhiteFideId "2317486"]
[BlackFideId "1757300"]
[EventDate "2025.10.05"]

1. d4 d5 2. Bf4 Nf6 3. e3 c5 4. Nf3 Nc6 5. Nbd2 Qb6 6. dxc5 Qxb2 7. Rb1 Qc3 8.
Bb5 Nd7 9. O-O g6 10. e4 Qxc5 11. Qe2 a6 12. Bxc6 Qxc6 13. exd5 Qxd5 14. Ne4 Bg7
15. Rbd1 Qc6 16. Nd6+ Kf8 17. Rfe1 Bf6 18. Bh6+ Kg8 19. Ne8 Qe6 20. Nxf6+ exf6
21. Qd2 1-0

[Event "25th European Teams Women"]
[Site "Batumi GEO"]
[Date "2025.10.12"]
[Round "7.17"]
[Board "1"]
[White "Paasikangas, Johanna"]
[Black "Dornbusch, Tatiana"]
[Result "1-0"]
[WhiteTitle "FM"]
[BlackTitle "WGM"]
[WhiteElo "2106"]
[BlackElo "2240"]
[WhiteTeam "Finland"]
[BlackTeam "Monaco"]
[WhiteFideId "500879"]
[BlackFideId "14107449"]
[EventDate "2025.10.05"]

1. d4 Nf6 2. c4 c5 3. d5 b5 4. cxb5 a6 5. e3 e6 6. dxe6 fxe6 7. Nc3 d5 8. Nf3
Be7 9. b3 O-O 10. a4 Bb7 11. Be2 axb5 12. Nxb5 Ne4 13. O-O Bf6 14. Rb1 Nd7 15.
Bd3 Qe7 16. Bb2 Rad8 17. Bxf6 Rxf6 18. Bxe4 dxe4 19. Qd6 Qxd6 20. Nxd6 exf3 21.
Nxb7 Rb8 22. Nd6 fxg2 23. Kxg2 Rg6+ 24. Kf3 Rf8+ 25. Ke2 Rg2 26. h3 Rh2 27. Ne4
Rxh3 28. Rbd1 Rh4 29. Ng5 Nb8 30. Nxe6 Rc8 31. Rg1 Kf7 32. Nxg7 Rb4 33. Nh5 Rxb3
34. Rg7+ Ke6 35. Nf4+ Kf6 36. Rxh7 Rc6 37. Rg1 1-0

[Event "25th European Teams Women"]
[Site "Batumi GEO"]
[Date "2025.10.12"]
[Round "7.17"]
[Board "2"]
[White "Zvereva, Marija"]
[Black "Tuominen, Tanja"]
[Result "0-1"]
[WhiteTitle "WIM"]
[BlackTitle "WIM"]
[WhiteElo "2003"]
[BlackElo "2025"]
[WhiteTeam "Monaco"]
[BlackTeam "Finland"]
[WhiteFideId "4121082"]
[BlackFideId "502340"]
[EventDate "2025.10.05"]

1. e4 c6 2. Nf3 d5 3. exd5 cxd5 4. Ne5 Nc6 5. Bb5 Qd6 6. d4 Bf5 7. Bf4 a6 8.
Bxc6+ bxc6 9. Qd2 g5 10. Bg3 f6 11. O-O Qe6 12. Nd3 h5 13. Nc5 Qc8 14. h4 Bh6
15. Qe2 Kf7 16. Qxh5+ Bg6 17. Qe2 gxh4 18. Bxh4 Bf4 19. Bg3 Qf5 20. Nd2 Bh5 21.
Qe1 Bxd2 22. Qxd2 Bf3 23. Qf4 Rh1+ 0-1

[Event "25th European Teams Women"]
[Site "Batumi GEO"]
[Date "2025.10.12"]
[Round "7.17"]
[Board "3"]
[White "Lehtinen, Helja"]
[Black "Ince, Safiye Oyku"]
[Result "0-1"]
[BlackTitle "WCM"]
[WhiteElo "1953"]
[BlackElo "1998"]
[WhiteTeam "Finland"]
[BlackTeam "Monaco"]
[WhiteFideId "515566"]
[BlackFideId "6391222"]
[EventDate "2025.10.05"]

1. d4 Nf6 2. c4 e6 3. Nc3 Bb4 4. e3 O-O 5. Bd3 d5 6. Ne2 dxc4 7. Bxc4 c5 8. a3
Bxc3+ 9. bxc3 Qc7 10. Ba2 b6 11. O-O Ba6 12. c4 cxd4 13. Qxd4 Nc6 14. Qh4 Qe5
15. Rb1 Qe4 16. Qg5 Bxc4 17. Bxc4 Qxb1 18. Nf4 h6 19. Qh4 Rfd8 20. Nh5 Nxh5 21.
Qxh5 Qc2 22. Qe2 Qxe2 23. Bxe2 Na5 24. e4 Rac8 25. Ba6 Rc2 26. h3 Nb3 27. Bf4
Nc5 0-1

[Event "25th European Teams Women"]
[Site "Batumi GEO"]
[Date "2025.10.12"]
[Round "7.17"]
[Board "4"]
[White "Berezovska, Svetlana"]
[Black "Rinne, Heini"]
[Result "1-0"]
[WhiteTitle "WCM"]
[WhiteElo "1874"]
[BlackElo "1887"]
[WhiteTeam "Monaco"]
[BlackTeam "Finland"]
[WhiteFideId "5400740"]
[BlackFideId "513423"]
[EventDate "2025.10.05"]

1. e4 c6 2. Nf3 d5 3. exd5 cxd5 4. Ne5 Nc6 5. Bb5 Bd7 6. Bxc6 Bxc6 7. d4 e6 8.
O-O Nf6 9. c3 Qc7 10. Nd2 Bd6 11. Ndf3 O-O 12. Re1 Ne4 13. Bf4 a5 14. Nxc6 bxc6
15. Bxd6 Qxd6 16. Nd2 Nxd2 17. Qxd2 c5 18. dxc5 Qxc5 19. Re3 Rab8 20. Rg3 Rfc8
21. Re1 Qe7 22. Qh6 Qf8 23. Qd2 Qe7 24. Qd4 g6 25. b3 a4 26. Qxa4 Ra8 27. Qd4
Rxa2 28. h4 Qc5 29. Qf6 h5 30. Rxe6 Qxf2+ 31. Qxf2 Rxf2 32. Kxf2 fxe6 33. Rxg6+
Kf7 34. Rg3 Rb8 35. b4 d4 36. cxd4 Rxb4 37. Rg5 Rxd4 38. Rxh5 e5 39. g3 Kf6 40.
Ke3 Rg4 41. Kf3 Rg7 42. Rh6+ Ke7 43. Ra6 Rg8 44. h5 Kf7 45. g4 Rg5 46. Kg3 Rg8
47. Kh4 e4 48. g5 Re8 49. Ra2 e3 50. Re2 Re4+ 51. Kg3 Ke6 52. Kf3 Kf5 53. g6 Rg4
54. Rxe3 Rg5 55. Re2 Rxh5 56. g7 1-0

[Event "25th European Teams Women"]
[Site "Batumi GEO"]
[Date "2025.10.12"]
[Round "7.18"]
[Board "1"]
[White "Ivekovic, Tihana"]
[Black "Arakhamia-Grant, Ketevan"]
[Result "0-1"]
[WhiteTitle "WFM"]
[BlackTitle "GM"]
[WhiteElo "2078"]
[BlackElo "2269"]
[WhiteTeam "Croatia"]
[BlackTeam "Scotland"]
[WhiteFideId "14517825"]
[BlackFideId "13600168"]
[EventDate "2025.10.05"]

1. e4 c5 2. Nf3 e6 3. c3 d5 4. exd5 Qxd5 5. Na3 Nf6 6. d4 Qd8 7. Nc4 Be7 8. Be2
O-O 9. O-O Qc7 10. dxc5 Bxc5 11. Be3 Bxe3 12. Nxe3 Nc6 13. Qc2 b6 14. Rfd1 Bb7
15. Rd2 Ne5 16. Nxe5 Qxe5 17. Qd1 Ne4 18. Rd4 Qg5 19. Qc2 f5 20. Bf3 Qe7 21.
Rad1 Bc6 22. Bxe4 Bxe4 23. Qa4 h6 24. Rd7 Qg5 25. Qd4 Bf3 26. Rc1 f4 27. h4 Qg6
28. Kh1 fxe3 29. gxf3 Rxf3 0-1

[Event "25th European Teams Women"]
[Site "Batumi GEO"]
[Date "2025.10.12"]
[Round "7.18"]
[Board "2"]
[White "Rutherford, Kathleen"]
[Black "Zagorac, Lara"]
[Result "0-1"]
[BlackTitle "WFM"]
[WhiteElo "1806"]
[BlackElo "2074"]
[WhiteTeam "Scotland"]
[BlackTeam "Croatia"]
[WhiteFideId "2404117"]
[BlackFideId "14580250"]
[EventDate "2025.10.05"]

1. e4 e5 2. Nf3 Nc6 3. d4 exd4 4. Nxd4 Nf6 5. Nxc6 bxc6 6. e5 Qe7 7. Qe2 Nd5 8.
h4 a5 9. c4 Ba6 10. g3 g6 11. h5 Bg7 12. f4 gxh5 13. Qxh5 Nb4 14. Qe2 d5 15. Na3
dxc4 16. Qe4 Rd8 17. Rxh7 Rxh7 18. Qxh7 Bf8 19. Qe4 Qd7 20. e6 Qxe6 21. Qxe6+
fxe6 22. Bd2 Nd3+ 23. Bxd3 Rxd3 24. Bxa5 c3 25. Rb1 cxb2 26. Nc2 Bg7 27. Kf2 Rd5
28. Bb4 Bd3 29. Na3 Bxb1 30. Nxb1 Rd1 0-1

[Event "25th European Teams Women"]
[Site "Batumi GEO"]
[Date "2025.10.12"]
[Round "7.18"]
[Board "3"]
[White "Mihaljevic, Eva"]
[Black "Donitova-Johnstone, Darima"]
[Result "1/2-1/2"]
[WhiteElo "2041"]
[BlackElo "1800"]
[WhiteTeam "Croatia"]
[BlackTeam "Scotland"]
[WhiteFideId "14573016"]
[BlackFideId "2410036"]
[EventDate "2025.10.05"]

1. e4 e5 2. Nf3 d5 3. Nxe5 Bd6 4. d4 dxe4 5. Nc3 Bxe5 6. dxe5 Qxd1+ 7. Kxd1 Bg4+
8. Ke1 Nc6 9. Bb5 Ne7 10. h3 Bf5 11. g4 Bg6 12. Bf4 O-O-O 13. Bg5 h6 14. Bh4
Rhe8 15. Bxc6 bxc6 16. Ke2 Rd7 17. Rhd1 Nd5 18. Bg3 f5 19. exf6 gxf6 20. Na4 f5
21. c4 Nb4 22. Rxd7 Kxd7 23. Nc5+ Kc8 24. gxf5 Bxf5 25. h4 Nd3 26. Na4 Rg8 27.
b3 Rg7 28. Ke3 h5 29. Nc3 Re7 30. Bf4 Re8 31. Rg1 Re7 32. Rg5 Bg4 33. Nxe4 Nxf2
34. Re5 Rxe5 35. Bxe5 Nxe4 36. Kxe4 Kb7 37. Kd4 Bd1 38. Kc5 a6 39. Kb4 Bc2 40.
Bd4 Bd1 41. Ka5 Be2 1/2-1/2

[Event "25th European Teams Women"]
[Site "Batumi GEO"]
[Date "2025.10.12"]
[Round "7.18"]
[Board "4"]
[White "McCusker, Kirsty"]
[Black "Hajdinic, Ema"]
[Result "0-1"]
[BlackTitle "WCM"]
[WhiteElo "1543"]
[BlackElo "2058"]
[WhiteTeam "Scotland"]
[BlackTeam "Croatia"]
[WhiteFideId "2404397"]
[BlackFideId "14567059"]
[EventDate "2025.10.05"]

1. d4 Nf6 2. c4 e6 3. g3 d5 4. Bg2 Be7 5. Nf3 O-O 6. O-O dxc4 7. Qc2 a6 8. a4
Bd7 9. Ne5 Bc6 10. Nxc6 Nxc6 11. Qxc4 Qxd4 12. Qc2 Nd5 13. Rd1 Qb6 14. Nc3 Ncb4
15. Nxd5 exd5 16. Qc3 Rfd8 17. Be3 c5 18. Bf4 Bf6 19. Qd2 c4 20. Rab1 d4 21. Bg5
c3 0-1

[Event "25th European Teams Women"]
[Site "Batumi GEO"]
[Date "2025.10.13"]
[Round "8.1"]
[Board "1"]
[White "Daulyte-Cornette, Deimante"]
[Black "Kashlinskaya, Alina"]
[Result "1/2-1/2"]
[WhiteTitle "IM"]
[BlackTitle "IM"]
[WhiteElo "2386"]
[BlackElo "2450"]
[WhiteTeam "France"]
[BlackTeam "Poland"]
[WhiteFideId "12802859"]
[BlackFideId "4198026"]
[EventDate "2025.10.05"]

1. e4 e5 2. Nf3 Nf6 3. Nxe5 d6 4. Nf3 Nxe4 5. d4 d5 6. Bd3 Bf5 7. O-O Be7 8. Re1
O-O 9. Nbd2 Nd6 10. Bxf5 Nxf5 11. Nf1 Nd7 12. Ne5 Nxe5 13. Rxe5 Nh4 14. Qh5 g6
15. Qg4 Bf6 16. Rg5 Re8 17. Qxh4 Re1 18. Qg4 c6 19. Re5 Bxe5 20. dxe5 Qa5 21.
Qd4 Qa6 22. Qd3 Qxd3 23. cxd3 Rd1 24. f4 c5 25. Kf2 Rxd3 26. Bd2 c4 27. Rc1 b5
28. Rc3 Rd4 29. Be3 Rd1 30. Ke2 Rb1 31. Rc2 b4 32. Bc5 a5 33. Ne3 Rd8 34. Be7
Rb8 35. Nxd5 b3 36. axb3 cxb3 37. Rd2 h5 38. Ba3 Rc1 39. Nf6+ Kg7 40. Rd5 Rbc8
41. Rxa5 R8c2+ 42. Ke3 Re1+ 43. Kd3 Rd1+ 44. Ke3 Re1+ 45. Kd3 Rd1+ 46. Ke3 1/2-1/2

[Event "25th European Teams Women"]
[Site "Batumi GEO"]
[Date "2025.10.13"]
[Round "8.1"]
[Board "2"]
[White "Maltsevskaya, Aleksandra"]
[Black "Navrotescu, Andreea"]
[Result "1-0"]
[WhiteTitle "IM"]
[BlackTitle "WGM"]
[WhiteElo "2394"]
[BlackElo "2257"]
[WhiteTeam "Poland"]
[BlackTeam "France"]
[WhiteFideId "24174041"]
[BlackFideId "675946"]
[EventDate "2025.10.05"]

1. c4 e5 2. Nc3 Nf6 3. Nf3 e4 4. Ng5 c6 5. Qa4 Qe7 6. Qc2 b5 7. cxb5 d5 8. e3
Qe5 9. f4 Qc7 10. b3 Be7 11. Bb2 Bd7 12. Rc1 Qb7 13. Na4 h6 14. Nc5 Bxc5 15.
Qxc5 hxg5 16. fxg5 Ng4 17. Ba3 Be6 18. bxc6 Qc7 19. Qd6 Qxd6 20. Bxd6 Bc8 21.
Bb5 a6 22. c7+ Nd7 23. Bc6 Ra7 24. O-O f6 25. Bxd5 Nf8 26. Bc5 Nxh2 27. Bxa7
Nxf1 28. Rxf1 f5 29. Bc5 g6 30. Rc1 Rh5 31. Bxf8 Kxf8 32. Rc6 Rxg5 33. Be6 1-0

[Event "25th European Teams Women"]
[Site "Batumi GEO"]
[Date "2025.10.13"]
[Round "8.1"]
[Board "3"]
[White "Guichard, Pauline"]
[Black "Socko, Monika"]
[Result "1/2-1/2"]
[WhiteTitle "IM"]
[BlackTitle "GM"]
[WhiteElo "2330"]
[BlackElo "2356"]
[WhiteTeam "France"]
[BlackTeam "Poland"]
[WhiteFideId "639370"]
[BlackFideId "1106619"]
[EventDate "2025.10.05"]

1. d4 Nf6 2. c4 e6 3. Nf3 b6 4. Bf4 Bb7 5. e3 Be7 6. Bd3 d5 7. Nc3 dxc4 8. Bxc4
O-O 9. O-O Nbd7 10. Qe2 Nh5 11. Be5 Bd6 12. Ba6 Bxf3 13. Qxf3 Bxe5 14. dxe5 Qg5
15. Be2 g6 16. Qc6 Nxe5 17. Qxc7 Rfc8 18. Qb7 Nc6 19. Ne4 Qe5 20. Bxh5 gxh5 21.
Nc3 Rab8 22. Qd7 Rc7 23. Qd1 Kh8 24. Qf3 Rg8 25. Ne2 Qg7 26. Rac1 Ne5 27. Qg3
Qxg3 28. hxg3 Rgc8 29. Rxc7 Rxc7 30. Rc1 Rxc1+ 31. Nxc1 Kg7 32. Kf1 Kf6 33. Ke2
Ng6 34. Nd3 h4 35. gxh4 Nxh4 36. g3 Ng6 37. Nb4 h5 38. Nc6 a5 39. f4 e5 40. Kf3
exf4 41. gxf4 Nh4+ 42. Ke4 Nf5 43. Ne5 h4 44. Ng4+ Ke6 45. Nf2 Nd6+ 46. Kf3 f5
47. Kg2 Nc4 48. Nd1 Nd2 49. Kh3 Nf3 50. Kg2 Nd2 51. Kh3 Nf3 52. Kg2 1/2-1/2

[Event "25th European Teams Women"]
[Site "Batumi GEO"]
[Date "2025.10.13"]
[Round "8.1"]
[Board "4"]
[White "Kulon, Klaudia"]
[Black "Negre, Emilie"]
[Result "1-0"]
[WhiteTitle "IM"]
[BlackTitle "WFM"]
[WhiteElo "2336"]
[BlackElo "2221"]
[WhiteTeam "Poland"]
[BlackTeam "France"]
[WhiteFideId "1131044"]
[BlackFideId "45187223"]
[EventDate "2025.10.05"]

1. c4 e6 2. Nc3 d5 3. d4 Nf6 4. cxd5 exd5 5. Bg5 c6 6. e3 Bd6 7. Bd3 O-O 8. Nge2
Re8 9. h3 a5 10. O-O Na6 11. Rc1 Nc7 12. Bb1 Ne6 13. Bh4 h6 14. f3 Ng5 15. f4
Ngh7 16. Bf2 Bd7 17. Re1 b5 18. Ng3 Nf8 19. Nf5 Bxf5 20. Bxf5 N8d7 21. Nb1 Rc8
22. Bh4 Be7 23. Nd2 g6 24. Bd3 Qb6 25. f5 g5 26. Bf2 Bb4 27. h4 Bxd2 28. Qxd2
Ne4 29. Bxe4 Rxe4 30. hxg5 hxg5 31. Qe2 Nf6 32. Bg3 Rce8 33. Qf3 Qb7 34. Be5 Nd7
35. Qh5 Nxe5 36. Qxg5+ Kf8 37. Qh6+ Kg8 38. dxe5 R8xe5 39. Rf1 Qb6 40. Rf3 Rxe3
41. Rxc6 Qd4 42. Rc8+ Re8 43. Rxe3 Rxc8 44. Kh2 1-0